Представление документа в формате RUSMARC

ПолеНазваниеЗначение
  Тип записи a
  Библиографический уровень a
001 Контрольный номер RU/CBS_UL/BASE/584794771
005 Дата корректировки 20240209175227.1
100 Данные общей обработки __
a Данные общей обработки 20180713d2018 ||| 0rusy0189 ca
101 Язык документа 0_
a Язык текста rus
102 Страна публикации __
a Страна публикации RU
105 Кодированные данные (монография) __
a Кодированные данные (монография) y###||||000|y
200 Заглавие и сведения об ответственности 1_
a Заглавие Даже огромная грыжа не является абсолютным показанием к операции
b Общее обозначение материала Текст
e Сведения, относящиеся к заглавию [жить с межпозвонковой грыжей]
f Первые сведения об ответственности О. Дуров
300 Общие примечания __
a Общие примечания Ограничения по возрасту - 16+
461 Уровень набора _0
1 2000
a Здоровье
463 Уровень физической единицы _0
1 001RU/CBS_UL/BASE/584793604
1 2000
a № 4
v С. 40-43
1 210
d 2018
606 Тематические рубрики 0_
a Основная рубрика Грыжи межпозвонковых дисков - Лечение
610 Ключевые слова 0_
a Ключевые слова межпозвонковые грыжи
610 Ключевые слова 0_
a Ключевые слова грыжи
610 Ключевые слова 0_
a Ключевые слова болезни позвоночника
610 Ключевые слова 0_
a Ключевые слова образование грыж
610 Ключевые слова 0_
a Ключевые слова профилактика грыж
686 Индексы других классификаций __
a Классификационный индекс 54.18
2 Код системы ББК
700 Автор _1
a Фамилия Дуров
b Имя (инициалы) О.
801 Источник записи _0
a Страна RU
b Организация МБУК ЦБС г. Ульяновска
c Дата составления 20180713
g Правила каталогизации RCR
801 Источник записи _1
a Страна RU
b Организация МБУК ЦБС г. Ульяновска
c Дата составления 20180713
g Правила каталогизации RCR
901 Тип документа __
t Тип документа b
w Контрольный № источника RU/CBS_UL/BASE/584793604
910 Корректоры записи __
a Корректор записи Ильина
938 Служебная информация __
a Имя БД period